| 000 | 00549nam a22001817a 4500 | ||
|---|---|---|---|
| 003 | UA-OsUOA | ||
| 001 | 9248 | ||
| 007 | ta | ||
| 008 | 20041026b un ||||| |||| 00| 0 ukr d | ||
| 100 | _aКорогодський Р. | ||
| 942 | _cSA | ||
| 040 |
_aUA-OsUOA _cUA-OsUOA _dUA-OsUOA |
||
| 245 | _a... На ім'я Микола Зеров : Листи до Софії Зерової зі Соловків | ||
| 300 | _aС.123-133 | ||
| 955 | _a0 | ||
| 773 | 0 |
_w0 _tСучасність _dКиїв _d2004 _g№10 |
|
| 650 | 7 |
_aЗеров Микола _2UDC |
|
| 999 |
_c295409 _d295409 |
||